000 00783nam a2200253 a 4500
001 19250
003 BD-RjUL
005 20211209000415.0
008 140223s1966 ii ac 000 0beng
035 _a(BD-RjUL)19308
035 _a(BD-RjUL)
040 _aLC
_beng
_cLC
_dBD-RjUL
041 _aeng
082 0 4 _a760.0924
_bGHG 1966
100 1 _aGhose,Gopal.
_959239
245 0 0 _aGopal Ghose /
_cEditor: Jaya Appasamy, assistant editor: S. A. Krishnan.
260 _aNew Delhi :
_bLalit Kala Akademi, India,
_c1966.
300 _a1 v. (chiefly illus. (part col.) :
_bport. ;
_c18 cm.
490 0 _aContemporary Indian art series
700 1 _aAppasamy, Jaya,
_d1918-,
_eed.
_959226
700 1 _aKrishnan, S. A.,
_d1926-,
_eed.
_959227
942 _2ddc
_cBK
999 _c19250
_d19250